| 000 | 00631nam a2200217Ia 4500 | ||
|---|---|---|---|
| 003 | GCL | ||
| 008 | 140319s9999 xx 000 0 ara d | ||
| 040 |
_aGCL / _cGCL |
||
| 082 | 0 | 4 |
_a810.9962 _bم م |
| 100 | 1 | _aمحمد مندور | |
| 245 | 1 | 0 |
_aمسرحيات شرقية / _cمحمد مندور |
| 260 |
_a[S.N] : _bنهضة مصر للطباعة والنشر والتوزيع |
||
| 300 | _a102 ص | ||
| 490 | _a | ||
| 650 | 0 | 4 | _aالمسرحية العربية |
| 650 | 0 | 4 | _aالمسرح |
| 650 | 0 | 4 | _aالمسرحيات |
| 650 | 0 | 4 | _aالحبكة الروائية |
| 650 | 0 | 4 | _aتاريخ ونقد |
| 942 |
_2ddc _cBK |
||
| 999 |
_c30506 _d30506 |
||